000 00276nam a2200121Ia 4500
008 190216s9999||||xx |||||||||||||| ||und||
100 _aChandran S
245 0 _aStranger Than Fiction
260 _bBlacke & Son
_c1975
300 _a95
650 _aEnglish Prose
942 _cBK
999 _c12621
_d12621